000 00572nam a2200205Ia 4500
005 20221017123309.0
008 131103s9999 xx 000 0 und d
040 _aLoreto College
041 _aEnglish
082 _a153.15
_bHIL
100 _aHilgard, Ernest R.
245 _aTheories of learning
_cErnest R. Hilgard and Gordon H. Bower
250 _a4th ed.
260 _aNew Delhi
_bPrentice-Hall of India
_c1977
300 _avi,698p
504 _aIncludes bibliographical references and index
700 _aBower, Gordon H.
850 _aLCLIB
942 _cBK
999 _c19361
_d69840